000 01044nam a2200229Ia 4500
003 Ost
005 20260507075114.0
008 260507s9999||||xx |||||||||||||| ||und||
040 _cfsecg
041 _aara
082 _a330
100 _aالنشار، جمال خليل
_eمؤلف
245 0 _aإيجار المال الشائع بين الفقه الإسلامي والقانون المدني /
_c جمال خليل النشار
260 _aالاسكندرية:
_bدار الجامعة الجديدة,
_c2003
300 _a142 صفحة؛
_c24 سم
490 _aالمكتبة القانونية
504 _aببليوغرافيا:ص.132-142
520 _aيتناول هذا الكتاب التعريف بالإيجار والشيوع والفرق بين الملكية الشائعة وغيرها من الملكيات،إيجار المال الشائع،قسمة المهايأة وتأجير المال الشائع
653 _aعقود الإيجار
653 _aقوانين وتشريعات
942 _cكتاب
999 _c42978
_d42978